Culture Générale - Série 1847 - Statistiques

Statistiques générales
  • Ce quiz a été pris 163 fois
  • Le résultat moyen est 4 sur 10
Statistiques - réponses
Question Réponse % Correct
On dit d'une personne dont les activités et les affaires vont bien , qu'elle a le vent en .... poupe
97%
D'une personne bavarde, qui parle seule sans laisser la parole aux autres, on dit qu'elle tient le .... crachoir
65%
Sur un bateau, comment appelle-t-on le drapeau qui flotte en haut du mât ? pavillon
55%
Sur une bicyclette, comment appelle-t-on la roue dentée sur laquelle s'accroche la chaîne ? pignon
46%
Sur un bateau, comment appelle-ton la rambarde située sur le pont et qui empêche qu'on ne glisse à l'eau ? bastingage
27%
Quelle rivière arrose la ville d'Evreux, située dans le département de l'Eure ? iton
17%
Dans la Rome antique, comment appelait-on le prêtre chargé de prédire l'avenir, d'interpréter la volonté des dieux en observant principalement les entrailles des victimes ? aruspice
15%
Sur une automobile, comment appelle-t-on l'aileron que l'on trouve la plupart du temps à la base de la lunette arrière et qui joue un rôle dans l'aérodynamisme du véhicule ? voir photo spoiler
15%
Comment appelait-on le wagon situé derrière une locomotive à vapeur et qui contenait le combustible et l'eau nécessaires ? tender
13%
Quel mot commençant par la lettre "h" désigne un bouffon, un mauvais comédien ? histrion
12%
Aucun quiz correspondant
Distribution des résultats
% des personnes avec chaque résultat
Percentile par nombre de réponses
Votre historique - résultats
Vous n’avez pas pris ce quiz